Представление документа в формате RUSMARC

ПолеНазваниеЗначение
  Тип записи a
  Библиографический уровень m
001 Контрольный номер RU/IS/BASE/292349846
005 Дата корректировки 20201206204442.7
010 Индекс ISBN __
d Цена 2-50
101 Язык документа 0_
a Язык текста rus
c Язык оригинала rus
200 Заглавие и сведения об ответственности 1_
a Заглавие Порт-Артур
e Сведения, относящиеся к заглавию роман : в 2 кн.
f Первые сведения об ответственности А. Степанов ; [примеч. Л. И. Полосиной ; худож. В. В. Красновский]
b Общее обозначение материала Текст
h Номер части Кн. 2
210 Выходные данные __
a Место издания М.
c Издательство Совет. Россия
d Дата издания 1978
215 Физическое описание __
a Объем 606, [2] с.
c Иллюстрации/тип воспроизводства ил.
225 Серия __
a Серия Биография Отечества
606 Тематические рубрики __
a Основная рубрика Художественная литература
z Хронологическая подрубрика 20 в.
y Географическая подрубрика Россия; СССР
606 Тематические рубрики __
a Основная рубрика Русская литература XX в. (произведения)
610 Ключевые слова __
a Ключевые слова романы; исторические романы; тема Родины; тема России; тема патриотизма; патриотическая тема; тема войны; советская литература
686 Индексы других классификаций __
a Классификационный индекс 84(2Рос=Рус)6-4
700 Автор _1
a Фамилия Степанов
b Имя А. Н.
g Полное личное имя Александр Николаевич
4 Код отношения 070
702 Вторичная интеллектуальная ответственность _1
a Фамилия Полосина
b Имя Л. И.
4 Код отношения Автор предисловия и т.д.
4 Код отношения 080
702 Вторичная интеллектуальная ответственность _1
a Фамилия Красновский
b Имя В. В.
4 Код отношения Художник
4 Код отношения 040
801 Источник записи _0
a Страна RU
b Организация Муниципальное бюджетное учреждение культуры "Централизованная библиотечная система" г. Сургут (Центральная городская библиотека им. А. С. Пушкина)
g Правила каталогизации КиК/Поспелова
801 Источник записи _1
a Страна RU
b Организация Муниципальное бюджетное учреждение культуры "Централизованная библиотечная система" г. Сургут (Центральная городская библиотека им. А. С. Пушкина)
g Правила каталогизации КиК/Поспелова
852 Данные о местонахождении __
j Шифр хранения 84(2Рос=Рус)6-4
c Каталожный индекс 84(2Рос=Рус)6-4
i Авторский знак С 79
p Инвентарный номер 1906
901 Тип документа __
t Тип документа m
903 Характеристики (МАРС) __
a Дата передачи 20061211
990 Данные о заказе (DOS) __
j Количество экземпляров (DOS) 1
t N записи в КСУ для И/У (DOS) ретро